Fr. Conceicao Rodrigues College of Engineering

Communication Skills (Record no. 21721)

MARC details
000 -LEADER
fixed length control field 00350nam a2200145Ia 4500
082 ## - DEWEY DECIMAL CLASSIFICATION NUMBER
Classification number 372.6
100 ## - MAIN ENTRY--PERSONAL NAME
Personal name Nagarkar/Malavika
245 ## - TITLE STATEMENT
Title Communication Skills
260 ## - PUBLICATION, DISTRIBUTION, ETC.
Name of publisher, distributor, etc. Maharashtra State Board Of Technical Education
Place of publication, distribution, etc. Mumbai
300 ## - PHYSICAL DESCRIPTION
Extent 125
546 ## - LANGUAGE NOTE
Language note ENGLISH
650 ## - SUBJECT ADDED ENTRY--TOPICAL TERM
Topical term or geographic name entry element Communication
654 ## - SUBJECT ADDED ENTRY--FACETED TOPICAL TERMS
Focus term Communication skills
942 ## - ADDED ENTRY ELEMENTS (KOHA)
Koha item type BOOK
Holdings
Withdrawn status Lost status Damaged status Not for loan Collection Home library Current library Date acquired Source of acquisition Cost, normal purchase price Inventory number Total Checkouts Total Renewals Full call number Barcode Date last seen Date last checked out Cost, replacement price Price effective from Koha item type
        AFT Fr. Agnel's C.Rodrigues College of Engineering Fr. Agnel's C.Rodrigues College of Engineering 17/03/2023 M.S.B.T.E. 140.00 16225/03/07/2003 1 1 372.6 AFT7750 31/01/2025 12/06/2023 140.00   BOOK